Statistiques concernant Tous les pays par leur population (all countries by population / also works in ENGLISH!)

Cliquez ici pour prendre le quiz!

Statistiques générales

  • Ce quiz a été pris 347 fois
    (330 depuis la dernière actualisation)
  • Le résultat moyen est 75 sur 197

Statistiques - réponses

#PaysPopulation% Correct
1Chine1 393 M
99%
2Inde1 335 M
98%
3États-Unis327 M
91%
4Indonésie265 M
81%
5Brésil209 M
75%
7Nigeria197 M
73%
8Bangladesh165 M
72%
9Russie146 M
72%
6Pakistan201 M
71%
10Japon126 M
70%
21France67 M
69%
17Allemagne82 M
68%
11Mexique124 M
68%
22Royaume-Uni66 M
65%
23Italie60 M
64%
12Éthiopie107 M
63%
30Espagne46 M
62%
14Égypte97 M
61%
18Iran81 M
61%
19Turquie80 M
61%
13Philippines106 M
60%
16République démocratique du Congo84 M
60%
15Viêtnam94 M
60%
24Afrique du Sud57 M
59%
20Thaïlande69 M
59%
29Colombie49 M
58%
31Ukraine44 M
58%
32Argentine44 M
57%
37Pologne38 M
57%
38Canada37 M
55%
53Australie25 M
54%
25Tanzanie54 M
54%
27Corée du Sud51 M
53%
33Algérie42 M
52%
28Kenya50 M
52%
26Myanmar53 M
51%
197Vatican921
51%
45Pérou31 M
50%
43Venezuela31 M
50%
60Roumanie19 M
49%
34Soudan40 M
49%
35Irak39 M
47%
40Arabie saoudite33 M
46%
79Belgique11 M
46%
39Maroc35 M
46%
36Ouganda38 M
46%
67Pays-Bas17 M
45%
191Monaco38 m
44%
193Saint-Marin33 m
44%
47Angola29 M
43%
65Chili17 M
43%
84Grèce10 M
43%
42Malaisie32 M
43%
44Afghanistan31 M
42%
121Nouvelle-Zélande4,8 M
42%
87Portugal10 M
42%
187Andorre78 m
41%
192Liechtenstein38 m
41%
41Ouzbékistan32 M
41%
52Corée du Nord25 M
40%
50Mozambique28 M
40%
196Nauru10 m
40%
48Népal28 M
40%
99Papouasie-Nouvelle-Guinée8,5 M
40%
46Ghana29 M
39%
54Côte d'Ivoire24 M
38%
68Équateur17 M
38%
166Luxembourg602 m
38%
90Suède10 M
38%
81Bolivie11 M
37%
82Cuba11 M
37%
66Guatemala17 M
37%
51Madagascar26 M
37%
61Mali19 M
37%
57Niger21 M
37%
58Sri Lanka21 M
37%
56Taïwan23 M
37%
86Tchéquie10 M
37%
195Tuvalu10 m
37%
49Yémen28 M
37%
55Cameroun23 M
36%
63Kazakhstan18 M
36%
98Autriche8,8 M
35%
160Fidji884 m
35%
169Malte475 m
35%
194Palaos17 m
35%
100Suisse8,4 M
35%
70Cambodge16 M
34%
115Finlande5,5 M
34%
83Haïti11 M
34%
92Hongrie9,7 M
34%
71Sénégal15 M
34%
62Syrie18 M
34%
104Bulgarie7,0 M
33%
113Danemark5,7 M
33%
185Seychelles94 m
33%
72Tchad15 M
33%
184Tonga100 m
33%
94Bélarus9,4 M
32%
59Burkina Faso20 M
32%
95Honduras9,0 M
32%
174Islande353 m
32%
189Marshall55 m
32%
118Norvège5,3 M
32%
190Saint-Christophe-et-Niévès46 m
32%
105Serbie7,0 M
32%
73Somalie15 M
32%
78Tunisie11 M
32%
69Zambie16 M
32%
130Croatie4,1 M
31%
188Dominique71 m
31%
153Estonie1,3 M
31%
182Micronésie105 m
31%
103Paraguay7,0 M
31%
177Samoa199 m
31%
74Zimbabwe14 M
31%
120Costa Rica5,0 M
30%
122Irlande4,7 M
30%
148Lettonie1,9 M
30%
64Malawi17 M
30%
165Monténégro622 m
30%
109Nicaragua6,2 M
30%
88République dominicaine10 M
30%
116Slovaquie5,4 M
30%
75Soudan du Sud12 M
30%
175Vanuatu304 m
30%
186Antigua-et-Barbuda86 m
29%
80Bénin11 M
29%
77Guinée11 M
29%
180Kiribati120 m
29%
149Kosovo1,7 M
29%
138Lituanie2,8 M
29%
76Rwanda12 M
29%
181Saint-Vincent-et-les-Grenadines109 m
29%
164Salomon667 m
29%
107Salvador6,6 M
29%
178Sao Tomé-et-Principe197 m
29%
147Slovénie2,0 M
29%
168Cap-Vert544 m
28%
161Comores850 m
28%
97Israël8,8 M
28%
173Maldives378 m
28%
129Panama4,1 M
28%
114Singapour5,6 M
28%
152Trinité-et-Tobago1,3 M
28%
134Uruguay3,5 M
28%
176Barbade286 m
27%
133Bosnie-Herzégovine3,5 M
27%
170Brunei422 m
27%
145Macédoine2,0 M
27%
128Moldavie4,1 M
27%
137Albanie2,8 M
26%
85Burundi10 M
26%
159Djibouti1,0 M
26%
93Émirats arabes unis9,5 M
26%
119Érythrée5,1 M
26%
158Eswatini1,1 M
26%
144Gambie2,1 M
26%
183Grenade103 m
26%
139Jamaïque2,7 M
26%
106Laos6,9 M
26%
108Libye6,4 M
26%
154Maurice1,2 M
26%
117République du Congo5,3 M
26%
179Sainte-Lucie178 m
26%
112Turkménistan5,8 M
26%
91Azerbaïdjan9,8 M
25%
89Jordanie10 M
25%
110Kirghizistan6,2 M
25%
143Lesotho2,2 M
25%
111Liban6,0 M
25%
132Mauritanie3,9 M
25%
124République centrafricaine4,7 M
25%
101Sierra Leone7,7 M
25%
96Tadjikistan8,9 M
25%
157Timor oriental1,1 M
25%
102Togo7,3 M
25%
172Bahamas381 m
24%
171Belize395 m
24%
146Gabon2,0 M
24%
155Guinée équatoriale1,2 M
24%
125Oman4,5 M
24%
140Qatar2,4 M
24%
136Arménie2,9 M
23%
151Bahrein1,4 M
23%
163Bhoutan727 m
23%
156Chypre1,1 M
23%
150Guinée-Bissau1,5 M
23%
126Liberia4,3 M
23%
135Mongolie3,2 M
23%
141Namibie2,4 M
23%
167Suriname568 m
23%
142Botswana2,3 M
22%
131Géorgie4,0 M
22%
162Guyana782 m
22%
127Koweit4,2 M
22%
123Palestine4,7 M
18%

Distribution des résultats

Percentile par nombre de réponses

% des personnes avec chaque résultat

Votre développement - résultats

Vous n’avez pas pris ce quiz depuis la dernière actualisation